[Event "NOR-chT 1617"]
[Site "Norway"]
[Date "2016.10.30"]
[Round "3.4"]
[White "Myrstad, Odd Magnus"]
[Black "Aulin Jansson, Joran"]
[Result "0-1"]
[WhiteElo "2075"]
[BlackElo "2280"]
[PlyCount "110"]
[EventDate "2016.10.28"]
[EventType "team-tourn"]
[EventRounds "9"]
[EventCountry "NOR"]
[SourceTitle "EXT 2018"]
[Source "ChessBase"]
[SourceDate "2017.10.13"]
[SourceVersion "1"]
[SourceVersionDate "2017.10.13"]
[SourceQuality "1"]
[WhiteTeam "Black Knights"]
[BlackTeam "Asker"]
[WhiteTeamCountry "NOR"]
[BlackTeamCountry "NOR"]

1. e4 c5 2. Nf3 d6 3. d4 cxd4 4. Nxd4 Nf6 5. Nc3 a6 6. Be2 e5 7. Nf3 Be7 8. 0-0 0-0 9. Bg5 Nbd7 10. Re1 h6 11. Be3 b5 12. Nh4 b4 13. Nd5 Nxd5 14. Qxd5 Rb8 15. Ng6 Nf6 16. Qb3 Be6 17. Bc4 Bxc4 18. Qxc4 Re8 19. f3 Qc8 20. Qb3 Bd8 21. Bf2 d5 22. Nh4 dxe4 23. fxe4 Bb6 24. Bxb6 Rxb6 25. h3 Qc6 26. Qd3 Qc5+ 27. Kh2 Rd6 28. Qe2 Rd4 29. Qxa6 Qxc2 30. Re2 Rd2 31. Rae1 Qxb2 32. Nf5 Kh7 33. Qc4 Re6 34. Ne3 Rxe2 35. Rxe2 Qd4 36. Qc2 Qxe4 37. Qxe4+ Nxe4 38. Nd5 Nc3 39. Nxc3 bxc3 40. Rc2 Rc6 41. Kg3 f5 42. Kf3 Rc4 43. Ke3 e4 44. Kf4 Kg6 45. g4 fxg4 46. hxg4 Kf6 47. a4 g5+ 48. Ke3 Ke5 49. a5 Ra4 50. Rxc3 Rxa5 51. Rb3 Rd5 52. Rb6 Rd3+ 53. Ke2 Rh3 54. Rb8 Kf4 55. Re8 Rh2+ 0-1

[Event "NOR-ch Master"]
[Site "Trondheim"]
[Date "2014.07.13"]
[Round "2"]
[White "Myrstad, Odd Magnus"]
[Black "Gonzalez, Rafael Tirado"]
[Result "1/2-1/2"]
[WhiteElo "2087"]
[BlackElo "2007"]
[PlyCount "45"]
[EventDate "2014.07.12"]
[EventType "swiss"]
[EventRounds "9"]
[EventCountry "NOR"]
[SourceTitle "EXT 2019"]
[Source "ChessBase"]
[SourceDate "2018.10.10"]
[SourceVersion "1"]
[SourceVersionDate "2018.10.10"]
[SourceQuality "1"]

1. e4 c5 2. Nf3 d6 3. d4 cxd4 4. Nxd4 Nf6 5. Nc3 a6 6. Be2 e5 7. Nb3 Be7 8. 0-0 0-0 9. Be3 Be6 10. f4 exf4 11. Rxf4 Nc6 12. Nd5 Bxd5 13. exd5 Ne5 14. c4 Nfd7 15. Rf5 g6 16. Rf2 Bg5 17. Qd2 Bxe3 18. Qxe3 Re8 19. Qf4 Rc8 20. Nd2 f5 21. g4 Rf8 22. g5 Qb6 23. b3 1/2-1/2

[Event "Reykjavik op"]
[Site "Reykjavik"]
[Date "2012.03.06"]
[Round "1"]
[White "Myrstad, Odd Magnus"]
[Black "Sokolov, Ivan"]
[Result "0-1"]
[WhiteElo "2091"]
[BlackElo "2653"]
[PlyCount "84"]
[EventDate "2012.03.06"]
[EventType "swiss"]
[EventRounds "9"]
[EventCountry "ISL"]
[SourceTitle "CBM 147 Extra"]
[Source "ChessBase"]
[SourceDate "2012.04.24"]
[SourceVersion "1"]
[SourceVersionDate "2012.04.24"]
[SourceQuality "1"]

1. e4 g6 2. d4 Bg7 3. Nf3 d6 4. h3 a6 5. c3 Nc6 6. Bc4 Nf6 7. Nbd2 0-0 8. 0-0 Nxe4 9. Bxf7+ Rxf7 10. Nxe4 h6 11. Re1 e6 12. Be3 Ne7 13. Qd2 Qf8 14. Qe2 Bd7 15. Rad1 Re8 16. Bc1 Ba4 17. b3 Bc6 18. c4 b5 19. c5 Nd5 20. Nh4 Rf6 21. cxd6 cxd6 22. Nxf6+ Qxf6 23. Nf3 Nc3 24. Qc2 b4 25. Rd3 Rc8 26. Rde3 Bd7 27. Qd2 Nd5 28. Re4 Rc3 29. Nh2 g5 30. Qe2 Rc6 31. Ng4 Qg6 32. Bd2 Rc2 33. Qd3 Rxa2 34. Ne3 Rxd2 35. Nxd5 Rxd3 36. Ne7+ Kf7 37. Nxg6 Kxg6 38. Ra1 Rxd4 39. Rxd4 Bxd4 40. Rxa6 Bc5 41. Ra8 e5 42. Rf8 Be6 0-1

[Event "Rethymno op 3rd"]
[Site "Rethymno"]
[Date "2011.07.13"]
[Round "4"]
[White "Markidis, Konstantinos"]
[Black "Myrstad, Odd Magnus"]
[Result "1/2-1/2"]
[WhiteElo "2330"]
[BlackElo "2111"]
[PlyCount "91"]
[EventDate "2011.07.11"]
[EventType "swiss"]
[EventRounds "9"]
[EventCountry "GRE"]
[SourceTitle "CBM 143 Extra"]
[Source "ChessBase"]
[SourceDate "2011.08.29"]
[SourceVersion "1"]
[SourceVersionDate "2011.08.29"]
[SourceQuality "1"]

1. e4 e5 2. Nf3 Nf6 3. Nc3 Nc6 4. g3 d5 5. exd5 Nxd5 6. Bg2 Nxc3 7. bxc3 Bg4 8. h3 Bh5 9. d3 Bc5 10. 0-0 0-0 11. g4 Bg6 12. Ng5 Qd7 13. Ne4 Bb6 14. Ng3 Rad8 15. Qf3 f5 16. gxf5 Bxf5 17. Nxf5 Rxf5 18. Qe4 Qf7 19. Be3 Rd6 20. a4 Rg6 21. Kh2 a5 22. Rab1 Rgf6 23. Bxb6 cxb6 24. Rxb6 Rxf2 25. Rxf2 Rxf2 26. Qc4 Qxc4 27. dxc4 Nd8 28. Rb5 Rxc2 29. Rxe5 Kf8 30. Rxa5 Rxc3 31. Rc5 b6 32. Rc8 Ke7 33. Bd5 Ne6 34. Rb8 Nf4 35. Rb7+ Kf6 36. Rxb6+ Ke5 37. Bg8 Rxh3+ 38. Kg1 Ra3 39. Rb5+ Kd4 40. a5 h6 41. c5 Ne2+ 42. Kh2 Nc3 43. Rb7 Kxc5 44. Rxg7 Rxa5 45. Rg6 Kd4 46. Rxh6 1/2-1/2

[Event "NOR-chT Clubs"]
[Site "Drammen"]
[Date "2010.10.10"]
[Round "5"]
[White "Skage, Oystein Aagedal"]
[Black "Myrstad, Odd Magnus"]
[Result "0-1"]
[WhiteElo "1971"]
[BlackElo "2024"]
[PlyCount "90"]
[EventDate "2010.10.08"]
[EventType "team"]
[EventRounds "6"]
[EventCountry "NOR"]
[SourceTitle "EXT 2015"]
[Source "ChessBase"]
[SourceDate "2014.11.20"]
[SourceVersion "1"]
[SourceVersionDate "2014.11.20"]
[SourceQuality "1"]
[WhiteTeam "Bergens"]
[BlackTeam "Black Knights"]
[WhiteTeamCountry "NOR"]
[BlackTeamCountry "NOR"]

1. e4 e5 2. Nf3 Nf6 3. Nxe5 d6 4. Nf3 Nxe4 5. d4 d5 6. Bd3 Bd6 7. c4 Bb4+ 8. Kf1 0-0 9. Qb3 c5 10. cxd5 Nf6 11. dxc5 Bxc5 12. Nc3 Nbd7 13. Bg5 h6 14. Bh4 Nb6 15. Rd1 Bg4 16. Be2 Re8 17. h3 Bf5 18. Nd4 Be4 19. Nxe4 Rxe4 20. Bxf6 Qxf6 21. Nf3 Rae8 22. Bb5 Rc8 23. Qd3 Qxb2 24. Rd2 Qa1+ 25. Rd1 Qxa2 26. Rd2 Qa1+ 27. Rd1 Qb2 28. Rd2 Qc1+ 29. Rd1 Qf4 30. g3 Qf5 31. Kg2 Re5 32. Qxf5 Rxf5 33. d6 Bxd6 34. Rxd6 Rxb5 35. Re1 Rd5 36. Rxd5 Nxd5 37. Rd1 Nf6 38. Rb1 b6 39. Ne5 Rc2 40. Kf3 Rc5 41. Nd3 Rc3 42. Ke2 Ne4 43. Nb4 a5 44. Nd5 Rc5 45. Rd1 Rxd5 0-1

[Event "NOR-chT Clubs"]
[Site "Drammen"]
[Date "2010.10.09"]
[Round "2.31"]
[White "Dulman, Egmond Gabriel"]
[Black "Myrstad, Odd Magnus"]
[Result "1-0"]
[WhiteElo "2004"]
[BlackElo "2024"]
[PlyCount "49"]
[EventDate "2010.10.08"]
[EventType "team"]
[EventRounds "6"]
[EventCountry "NOR"]
[SourceTitle "EXT 2015"]
[Source "ChessBase"]
[SourceDate "2014.11.20"]
[SourceVersion "1"]
[SourceVersionDate "2014.11.20"]
[SourceQuality "1"]
[WhiteTeam "Akademisk"]
[BlackTeam "Black Knights"]
[WhiteTeamCountry "NOR"]
[BlackTeamCountry "NOR"]

1. d4 d5 2. c4 dxc4 3. Nf3 Nf6 4. Nc3 a6 5. a4 Bf5 6. e3 e6 7. Bxc4 Nc6 8. 0-0 Nb4 9. Qe2 Ne4 10. Ne5 Bd6 11. f4 h5 12. Nxe4 Bxe4 13. Bd2 h4 14. f5 h3 15. fxe6 hxg2 16. exf7+ Kf8 17. Rf4 Bxe5 18. dxe5 Nc2 19. Rxe4 g5 20. Rc1 Qd7 21. e6 Qd6 22. e7+ Kg7 23. Bc3+ Kg6 24. Bxh8 Rxh8 25. Re6+ 1-0